Loading...
Badalti Raheni
| Main Author: | |
|---|---|
| Format: | Printed Book |
| Published: |
New Delhi, Sahitya Prakashan
1985
|
| Subjects: |
| LEADER | 004570000a22001570004500 | ||
|---|---|---|---|
| 082 | |a 891.433 YAG/B M5;1 | ||
| 100 | |a Yagya Dutt Sharma | ||
| 245 | |a Badalti Raheni | ||
| 260 | |a New Delhi, Sahitya Prakashan | ||
| 260 | |c 1985 | ||
| 465 | |a R 8 | ||
| 650 | |a Hindi | ||
| 650 | |a Novel | ||
| 942 | |c BK | ||
| 999 | |c 9882 |d 9882 | ||
| 952 | |0 0 |1 0 |4 0 |6 891_433000000000000_YAGB_M51 |7 0 |8 ENG |9 9677 |a MGUL |b MGUL |d 2013-07-16 |e R 8 |l 0 |o 891.433 YAG/B M5;1 |p 05399 |r 2013-07-16 |w 2013-07-16 |y BK | ||